| 000 -ლიდერი |
| ფიქსირებული სიგრძის საკონტროლო ველი |
01370nam a2200277Ia 4500 |
| 001 - საკონტროლო ნომერი |
| საკონტროლო ველი |
7485 |
| 003 - საკონტროლო ნომრის იდენტიფიკატორი |
| საკონტროლო ველი |
GE_BSU |
| 005 - ბოლო ოპერაციის თარიღი და დრო |
| საკონტროლო ველი |
20231220151415.0 |
| 008 - ფიქსირებული სიგრძის მონაცემთა ელემენტები - ზოგადი ინფორმაცია |
| ფიქსირებული სიგრძის საკონტროლო ველი |
181216s2009||||ge |||||||||||||| ||geo|| |
| 020 ## - წიგნის საერთაშორისო სტანდარტული ნომერი |
| International Standard Book Number |
9789941014147 |
| 040 ## - კატალოგიზაციის წყარო |
| Transcribing agency |
GE_BSU |
| 041 ## - ენის კოდი |
| Language code of text/sound track or separate title |
geo |
| 080 ## - უნივერსალური ათობითი კლასიფიკაციის ინდექსი |
| Universal Decimal Classification number |
821.111-4+821.111-92 ვ-95 |
| 100 ## - მთავარი ჩანაწერი - პიროვნების სახელი |
| Personal name |
ვულფი, ვირჯინია |
| 9 (RLIN) |
14744 |
| 245 ## - ცნობა სათაურის შესახებ |
| Title |
საკუთარი ოთახი = A Room of one' s own : |
| Remainder of title |
ესეები / |
| Statement of responsibility, etc |
ვირჯინია ვულფი ; ინგლ. თარგმნ. ინგა მაცაბერიძე - პაპავამ ; რედ. ლია იმერლიშვილი ; მხატვ. რუსუდან ხუციშვილი. |
| 264 ## - წარმოების, გამოცემის, დისტრიბუციის და სხვა ცნობები |
| გამოცემის, წარმოების, დისტრიბუციის... ადგილი |
თბილისი : |
| გამოცემის, წარმოების, დისტრიბუციის... სახელწოდება |
კონსტანტინე, |
| გამოცემის, წარმოების, დისტრიბუციის... თარიღი |
2009. |
| 300 ## - ფიზიკური აღწერა |
| Extent |
208 გვ. ; |
| Dimensions |
17 სმ. |
| 500 ## - ზოგადი შენიშვნა |
| General note |
ანბ. საძ. გვ. : 187-196 |
| 653 ## - INDEX TERM--UNCONTROLLED |
| Uncontrolled term |
ესეები |
| 653 ## - INDEX TERM--UNCONTROLLED |
| Uncontrolled term |
საკუთარი ოთახი |
| 700 ## - ADDED ENTRY--PERSONAL NAME |
| Personal name |
მაცაბერიძე - პაპავა, ინგა |
| Relator term |
მთარგმნელი |
| 9 (RLIN) |
20804 |
| 700 ## - ADDED ENTRY--PERSONAL NAME |
| Personal name |
იმერლიშვილი, ლია |
| Relator term |
რედაქტორი |
| 9 (RLIN) |
14745 |
| 700 ## - ADDED ENTRY--PERSONAL NAME |
| Personal name |
ხუციშვილი, რუსუდან |
| Relator term |
მხატვარი |
| 9 (RLIN) |
14746 |
| 942 ## - ADDED ENTRY ELEMENTS (KOHA) |
| Koha item type |
წიგნი |
| Source of classification or shelving scheme |
|